| 000 | 01299nam a2200325 i 4500 | ||
|---|---|---|---|
| 001 | 768714001 | ||
| 003 | CO-MdFUSB | ||
| 005 | 20211012094905.0 | ||
| 007 | ta | ||
| 008 | 200512t1983 es |||| |||| 00| 0 spa d | ||
| 020 | _a8472287688 | ||
| 040 |
_aCO-MdFUSB _bspa _cCO-MdFUSB _dCO-MdFUSBC _erda |
||
| 041 | _aspa | ||
| 082 |
_223 _a649.6 _bW949 |
||
| 100 |
_aWright, H. Norman _eautor |
||
| 240 | _aAn answer to discipline | ||
| 245 |
_aRespuesta a la disciplina _c/ Norman Wright |
||
| 264 | 1 |
_aBarcelona, España : _bClie, _c[1983] |
|
| 264 | 4 | _c©1983 | |
| 300 |
_c60 páginas ; _a18 cm |
||
| 336 |
_2rdacontent _atexto _btxt |
||
| 337 |
_2rdamedia _asin mediación _bn |
||
| 338 |
_2rdacarrier _avolumen _bnc |
||
| 490 | _aRespuestas | ||
| 505 | _aNorman Wright aborda en este librito uno de los temas más difíciles polémicos: La disciplina en el hogar. ¿Qué métodos de disciplina son más efectivos? ¿Cómo pueden los padres establecer reglas sin pecar de libertades ni de inflexibles? ¿Es aceptable el castigo corporal? ¿Cómo conseguir que los hijos escuchen y entren en razón? ¿Es importante la unión de padre y madre en el impartimiento de la disciplina? | ||
| 563 | _aRústico | ||
| 650 | 7 |
_92655 _aNiños _xPsicología |
|
| 942 | _cBK | ||
| 945 | _aDani | ||
| 999 |
_c65865 _d65865 |
||